Las razas humanas.
Đã lưu trong:
| Tác giả chính: | |
|---|---|
| Định dạng: | Sách |
| Ngôn ngữ: | Tiếng Tây Ban Nha |
| Được phát hành: |
Barcelona, España
Montaner y Simón
1888
|
| Phiên bản: | Segunda edición |
| Những chủ đề: | |
| Các nhãn: |
Thêm thẻ
Không có thẻ, Là người đầu tiên thẻ bản ghi này!
|
MARC
| LEADER | 00000nam a2200000 a 4500 | ||
|---|---|---|---|
| 001 | UCJ4423 | ||
| 003 | CL-VaPUC | ||
| 005 | 20250228090214.0 | ||
| 008 | 070124e18880000SP |||||||||||||||||spa|d | ||
| 999 | |c 320539 |d 320537 | ||
| 040 | |c Pontificia Universidad Católica de Valparaíso | ||
| 082 | 0 | 4 | |a 572 RAT 1888 |2 21 |
| 100 | 0 | |a Ratzel, Federico |9 508079 | |
| 245 | 1 | 4 | |a Las razas humanas. |
| 250 | |a Segunda edición | ||
| 260 | 0 | 3 | |a Barcelona, España |b Montaner y Simón |c 1888 |
| 300 | |a 672 páginas. | ||
| 500 | |a En biblioteca v. 1. Cubierta grabada y numerosas ilustraciones | ||
| 583 | |a last modification |c 20130719 05:37:30 |k Rodrigo Vera | ||
| 650 | 0 | |a Etnografía |9 309735 | |
| 650 | 7 | |a RAZAS HUMANAS |2 CL-VaPUC |9 449425 | |
| 650 | 7 | |a TRAJES |2 CL-VaPUC |9 505793 | |
| 650 | 0 | |a Antropología cultural |9 269905 | |
| 650 | 0 | |a Cultura |9 269059 | |
| 650 | 0 | |a Armas |9 318202 | |
| 650 | 0 | |a Creencias |9 313510 | |
| 650 | 0 | |a Lenguaje y lenguas |9 265846 | |
| 650 | 7 | |a DIALECTOS |2 CL-VaPUC |9 348323 | |
| 650 | 0 | |a Aborígenes |9 329972 | |
| 650 | 0 | |a Vivienda |9 258662 | |
| 650 | 0 | |a Vida social |9 337244 | |
| 650 | 0 | |a Agricultura |9 255598 | |
| 650 | 0 | |a Ilustraciones |9 369481 | |
| 651 | 0 | |a África |9 256790 | |
| 651 | 0 | |a Australia |9 262077 | |
| 651 | 7 | |a POLINESIA |2 CL-VaPUC |9 508080 | |
| 651 | 7 | |a MALASIA |2 CL-VaPUC |9 357944 | |
| 942 | |c BK |2 ddc | ||
| 945 | |d 20070124 00:00:00 |a rinostro | ||
| 952 | |0 0 |1 0 |2 ddc |4 0 |6 572_000000000000000_RAT_1888 |7 0 |8 X |9 399082 |a FDOBUD |b FDOBUD |d 2019-11-22 |h v.1 |i 101806K |o 572 RAT 1888 |p 101806K |r 2019-11-22 |t 1 |w 2019-11-22 |y BK_X |k BUD | ||